La Siempreviva : ...una obra de teatro de Miguel Torres (Registro nro. 61721)
[ vista simple ]
| 000 -LÍDER | |
|---|---|
| Campo fijo de descripción fija | 003270000a22001090004500 |
| 100 1# - ASIENTO PRINCIPAL--NOMBRE PERSONAL | |
| Nombre personal | Zapata León, Sergio |
| 245 10 - TÍTULO | |
| Título del Material | La Siempreviva : ...una obra de teatro de Miguel Torres |
| 300 ## - DESCRIPCIÓN FÍSICA | |
| Extensión | Vol.0, núm.2 (Noviembre, 2005), Página 30 |
| 500 ## - NOTA GENERAL | |
| Nota General | Periodista |
| 773 0# - HOST ITEM ENTRY | |
| Title | Arcadia / Andrés Felipe Solano, Editor |
| 942 ## - TIPO DE MATERIAL (KOHA) | |
| Tipo de Item KOHA | Artículos de Revista |
| Estado de Material | Estado de Perdido | Estado de Dañado | No para Préstamo | Colección | Biblioteca de Origen | Biblioteca Permanente | Fecha de Adquisición | Total de Préstamos | Signatura Topográfica | Última vez visto | Fecha de Remplazo | Tipo de Material |
|---|---|---|---|---|---|---|---|---|---|---|---|---|
| Colección de Hemeroteca | Biblioteca FUSBC | Biblioteca FUSBC | 26/01/2016 | 26/01/2016 | 26/01/2016 | Artículos de Revista |
